Et Cabrai découvrit le Brésil (notice n° 1710953)
[ vue normale ]
| 000 -LEADER | |
|---|---|
| fixed length control field | 00483cam a2200145 4500500 |
| 005 - DATE AND TIME OF LATEST TRANSACTION | |
| control field | 20260322001001.0 |
| 041 ## - LANGUAGE CODE | |
| Language code of text/sound track or separate title | fre |
| 042 ## - AUTHENTICATION CODE | |
| Authentication code | dc |
| 100 10 - MAIN ENTRY--PERSONAL NAME | |
| Personal name | Bennassar, Bartolomé |
| Relator term | author |
| 245 00 - TITLE STATEMENT | |
| Title | Et Cabrai découvrit le Brésil |
| 260 ## - PUBLICATION, DISTRIBUTION, ETC. | |
| Date of publication, distribution, etc. | 2014.<br/> |
| 500 ## - GENERAL NOTE | |
| General note | 23 |
| 786 0# - DATA SOURCE ENTRY | |
| Note | L'Histoire - Les Collections | 63 | 2 | 2014-04-10 | p. 26-32 | 2727-6945 |
| 856 41 - ELECTRONIC LOCATION AND ACCESS | |
| Uniform Resource Identifier | <a href="https://shs.cairn.info/magazine-hist-l-hisoire-les-collections-2014-2-page-26?lang=fr&redirect-ssocas=7080">https://shs.cairn.info/magazine-hist-l-hisoire-les-collections-2014-2-page-26?lang=fr&redirect-ssocas=7080</a> |
Pas d'exemplaire disponible.




Réseaux sociaux